000 00312nam a22001457a 4500
008 210526b ||||| |||| 00| 0 eng d
020 _a9780176224677
041 _aeng
080 _221st
_a316
082 _a316
100 _a50
101 _aSOC
245 _aNew Society
_cRobert J. Brym
942 _2udc
_cBK
999 _c57648
_d57648